000 00535nam a2200217 a 4500
001 0001-2098
003 ELIB.Books
008 190723 2010 eng
020 _a015697648X
092 _aB
_bThu
100 _aThurman, Howard.
245 _aWith Head and Heart
260 _aNew York
_bA Harvest Book
_c1979
300 _a274
_c20.5cm
650 _aBiography
856 _nKBTS Library
_uKBTS Elib
942 _2ddc
_cBK
990 _a2
998 _aEnglishbooks.elf
_ccat
_e2019-07-23
999 _c12098
_d12098